|
|
|
|
| LEADER |
00000nkmaa2200000 a 4500 |
| 001 |
vtls011991131 |
| 003 |
SK-MaSNL |
| 005 |
20260302023956.0 |
| 007 |
kh ao |
| 008 |
230802q1908 ag | |||0 k|slo |
| 035 |
|
|
|a urn:nbn:sk:snk-km00ejmy
|
| 035 |
|
|
|a urn:nbn:sk:snk-km45vvj
|
| 035 |
|
|
|a CA7B5B06-6190-4630-A2DF-F1C7789DAD70
|
| 040 |
|
|
|a SNKLA
|b slo
|c SNKLA
|e AACR2
|
| 041 |
0 |
|
|a slo
|
| 044 |
|
|
|a ag
|c AR
|
| 245 |
0 |
0 |
|a [Miloš Ruppeldt s priateľmi]
|h grafika
|
| 260 |
|
|
|a [S.l.
|b s.n.]
|c [medzi 1908-1910]
|
| 300 |
|
|
|a 1 fotografia
|b v hnedom tóne
|c 12 x 18 cm
|
| 500 |
|
|
|a Fotografia má ružový odtieň a je na pasparte s rozmermi 17 x 22 cm.
|
| 520 |
2 |
|
|a Zobrazenie: Miloš Ruppeldt (sediaci sprava 2.) s priateľmi počas jeho pôsobenia v Argentíne, Rosario, okolo rokov 1908 - 1910.
|
| 600 |
1 |
7 |
|a Ruppeldt, Miloš,
|d 1881-1943
|2 SNKMA
|9 103800
|
| 655 |
|
7 |
|a fotografie
|2 SNKPH
|9 70713
|
| 852 |
7 |
|
|a Slovenská národná knižnica
|b Literárny archív
|
| 958 |
|
|
|a ZO
|
| 958 |
|
|
|a BLA
|
| 999 |
|
|
|c 1038713
|d 1040643
|
| 952 |
|
|
|a SNKLA
|b SNKLA
|c SNKLA_DEP
|y NEVYP
|7 0
|p 17A1311277
|o snkSR 54/84
|i snkLA 4880/1979
|0 0
|1 0
|4 0
|d 2020-09-08
|f 1
|l 0
|r 2026-02-24 14:16:29
|w 2026-02-24
|